000 01161nam0a22002531 4500
001 rc\638662
005 20031121164641.2
035 _a(NLR Aleph) 005880181
090 _a6069700
_c6069700
100 _a20031121d1986 u |0rusy50 ca
101 0 _arus
102 _aRU
105 _ay |||||||||
200 1 _aОФОРМЛЕНИЕ кадровых документов
_eМетод. указания
_fМ-во мест. пром-сти РСФСР. Упр. кадров и учеб. заведений, Респ. ин-т повышения квалификации руководящих работников и специалистов
_g[Сост. Э.С. Зингер, преп.]
210 _aПермь
_cБ. и.
_d1986
215 _a49 с.
_d20
320 _aБиблиогр.: с. 22-23
702 1 _aЗингер
_bЭ. С.
_4220
712 0 2 _aИнститут повышения квалификации руководящих работников и специалистов М-ва местной промышленности РСФСР
801 0 _aRU
_bNLR
_gpsbo
801 1 _aRU
_bELAR
_2rusmarc
852 _aNLR
_j88-4/2832
942 _cBOOK
980 _aNB